Statistics for Fancy Vocabulary #1

Click here to take the quiz!

General Stats

  • This quiz has been taken 10,779 times
  • The average score is 13 of 20

Answer Stats

Definition Answer % Correct
Conjoined, contradictary termsOx{ymoron}
87%
Mucus from a coughPh{legm}
83%
Extravagant exaggerationHy{perbole}
83%
Transparent; clearheadedLu{cid}
82%
Ardent supporter, fanaticZe{alot}
76%
Attractively old-fashionedQu{aint}
73%
Blissful, pastoral, sereneId{yllic}
69%
Complete failure, fiascoDeb{acle}
68%
To sway from one side to the otherOs{cillate}
67%
Prolonged military blockadeSi{ege}
66%
Euphoria, state of blissEc{stasy}
66%
Harsh, dissonant soundsCac{ophony}
65%
Of the middle-classBou{rgeois}
60%
Habitually silent, uncommunicativeTac{iturn}
59%
To fully determine, find outAs{certain}
58%
To charm with flattery or slynessBeg{uile}
57%
Yearn to possessCo{vet}
57%
One who flatters for self-gainSy{cophant}
53%
Foolishly sentimentalMau{dlin}
41%
Whirlpool, turbulenceMa{elstrom}
38%

Score Distribution

Percentile by Number Answered

Percent of People with Each Score

Your Score History

You have not taken this quiz